| 000 | 01052nam a22002417a 4500 | ||
|---|---|---|---|
| 005 | 20100802123548.0 | ||
| 010 | _aHIN-89936 | ||
| 020 |
_a9789380260020 _c195.00 |
||
| 035 | _aHN-62282 | ||
| 037 | _bDBAD/PUB | ||
| 082 | _a822 | ||
| 100 |
_aवर्मा, रामगोपाल _94071 |
||
| 245 |
_aबारह रंगमंचीय एंकाकी / _cरामगोपाल वर्मा |
||
| 246 |
_aBarha Rangmanchiya Ekanki _bby Ramgopal Verma |
||
| 260 |
_aदिल्ली _bविकास पेपर बैक्स _c2010 |
||
| 270 |
_a9/221, मेन रोड़, गांधी नगर _bदिल्ली _e110031 |
||
| 300 |
_a128पृ. _c22सेमी. (सजिल्द) _bसचित्र |
||
| 650 | _aहिन्दी नाटक | ||
| 650 | _aHindi Drama | ||
| 700 | _93937 | ||
| 942 |
_2ddc _cHN _h822 _mवर्मारा |
||
| 999 |
_c38610 _d38610 |
||